000 00951nam a2200277 c 4500
003 BLK
005 20180422115541.0
008 180411b bul|||||r ||||||| ||bul||
010 _aKNG00196672000
040 _aBLK
041 _aBUL
_cBUL
080 _aБългарска литература
_b821.163.2
_x-4
_z821.163.2-4
100 1 _aСлавов, Иван Йорданов
_eпърви автор
_9369534
139 _aСлавов, Иван Йорданов
_bС 43
245 1 0 _aПрекословици
_bХудож. публицистика
_cИван Йорданов Славов.
257 _aBGR
260 София
_bУнив. изд. Климент Охридски
_c1988
300 _a173 с.
_c21 см
380 _aX
500 _a1 810 тир.
852 _aЦб 153065
856 4 _qpdf
_u
856 4 _qpdf
_u
942 _cKNG
_n0
944 _aCR
_c23.11.2016
_kНора_Радева
944 _aED
_c06.03.2018
_kТеодора_Стоянова
999 _c187656
_d187656